The Life of Joseph / (Record no. 45487)
[ view plain ]
| 000 -LEADER | |
|---|---|
| fixed length control field | 00809nam a2200265Ia 4500 |
| 001 - CONTROL NUMBER | |
| control field | 15494753 |
| 005 - DATE AND TIME OF LATEST TRANSACTION | |
| control field | 20190221141941.0 |
| 008 - FIXED-LENGTH DATA ELEMENTS--GENERAL INFORMATION | |
| fixed length control field | 870406r19851900mnum a 0 0 eng d |
| 020 ## - INTERNATIONAL STANDARD BOOK NUMBER | |
| International Standard Book Number | 0865241937 |
| 040 ## - CATALOGING SOURCE | |
| Original cataloging agency | VCB |
| Transcribing agency | VCB |
| 049 ## - LOCAL HOLDINGS (OCLC) | |
| Holding library | VCBB |
| 100 1# - MAIN ENTRY--PERSONAL NAME | |
| Personal name | Kirk, Thomas. |
| 245 14 - TITLE STATEMENT | |
| Title | The Life of Joseph / |
| Statement of responsibility, etc | by Thomas Kirk ; foreword by Cyril J. Barber. |
| 260 ## - PUBLICATION, DISTRIBUTION, ETC. (IMPRINT) | |
| Place of publication, distribution, etc | Minneapolis, Minn. : |
| Name of publisher, distributor, etc | Klock & Klock Christian Publishers, |
| Date of publication, distribution, etc | 1985. |
| 300 ## - PHYSICAL DESCRIPTION | |
| Extent | xii, 307 p. ; |
| Dimensions | 23 cm. |
| 336 ## - CONTENT TYPE | |
| Content Type Term | text |
| 337 ## - MEDIA TYPE | |
| Media Type Term | unmediated |
| 338 ## - CARRIER TYPE | |
| Carrier Type Term | volume |
| 490 1# - SERIES STATEMENT | |
| Series statement | Limited classical reprint library. |
| 500 ## - GENERAL NOTE | |
| General note | Reprint. Originally published: Edinburgh: Andrew Elliot, 1900. |
| 590 ## - LOCAL NOTE (RLIN) | |
| Local note | Direct $8.92. |
| 600 00 - SUBJECT ADDED ENTRY--PERSONAL NAME | |
| Personal name | Joseph |
| Titles and other words associated with a name | (Son of Jacob) |
| 830 #0 - SERIES ADDED ENTRY--UNIFORM TITLE | |
| Uniform title | Limited classical reprint library. |
| 942 ## - ADDED ENTRY ELEMENTS (KOHA) | |
| Source of classification or shelving scheme | Library of Congress Classification |
| Item type | Books |
| Withdrawn status | Lost status | Source of classification or shelving scheme | Damaged status | Not for loan | Home library | Current library | Shelving location | Date acquired | Inventory number | Total Checkouts | Full call number | Barcode | Date last seen | Price effective from | Koha item type |
|---|---|---|---|---|---|---|---|---|---|---|---|---|---|---|---|
| Library of Congress Classification | BSOP Library | BSOP Library | GC | 02/21/2019 | 45249 | BS580.J6 K63 1985 | 00056249 | 02/21/2019 | 02/21/2019 | Books |
